Quel pays pour ces codes internationaux ? (10) - Statistiques

Statistiques générales
  • Ce quiz a été pris 37 fois
  • Le résultat moyen est 11 sur 15
Statistiques - réponses
Codes Pays % Correct
BE / BEL / be / EB Belgique
100%
USA / US / K / us Etats-Unis
94%
HU / HUN / LH / HA Hongrie
94%
BRA / BR / SB / br Brésil
91%
JAM / JM / MK / 6Y Jamaïque
91%
LH / LTU / EY / LT Lituanie
91%
SW / SWE / ES / SE Suède
88%
BM / BMR / VY / MM Birmanie
82%
NP / NPL / VN / 9N Népal
76%
ERI / ER / HH / E3 Erythrée
68%
IDN / ID / WA / PK / WR Indonésie
59%
MNG / MG / ZM / MN Mongolie
53%
SYC / SE / FS / SC Seychelles
38%
BIH / BK / LQ / BA Bosnie-Herzégovine
26%
TP / STP / FP / ST Sao Tomé et Principe
18%
Aucun quiz correspondant
Distribution des résultats
% des personnes avec chaque résultat
Percentile par nombre de réponses
Votre historique - résultats
Vous n’avez pas pris ce quiz